Countries Scott Morrison has visited - Statistics

General Stats
  • This quiz has been taken 46 times
    26 since last reset
  • The average score is 13 of 18
Answer Stats
Continent Country % Correct
Oceania New Zealand
95%
North America United States of America
95%
Oceania Fiji
89%
Europe United Kingdom
89%
South America Argentina
84%
Europe France
84%
Asia Japan
84%
Asia Indonesia
79%
Europe Italy
79%
Oceania Papua New Guinea
79%
Asia Singapore
68%
Oceania Solomon Islands
68%
Oceania Tuvalu
63%
Oceania Vanuatu
63%
Asia Vietnam
63%
Asia Thailand
53%
Asia Iraq
37%
Asia Timor Leste
26%
No matching quizzes found
Score Distribution
Percent of People with Each Score
Percentile by Number Answered
Your Score History
You have not taken this quiz since the last reset